000 00612nam a2200229Ia 4500
003 BUBTL
008 151213s9999 xx 000 0 und d
020 _a052158700
082 _a412/ P1821s/ 1981
100 _aPalmer, F. R.
_94811
245 _aSemantics/
_cF. R. Palmer
250 _a2nd Edn.
260 _aUnited Kingdom:
_bCambridge University Press,
_cc1981
300 _avii, 219 p.:
_c22 cm
500 _aIncludes Index
505 _aSemantics, F. R. Palmer, English
650 _aEnglish
650 _a
856 _k0
_l0
_yDownload
942 _2ddc
_cBK
999 _c6853
_d6853